| 000 | 00843nam0a2200289 4500 | ||
|---|---|---|---|
| 001 | RU\NLR\BIBL_A\012707834 | ||
| 005 | 20250624124233.0 | ||
| 010 | _97000 | ||
| 035 | _a(NLR Aleph) 012707834 | ||
| 090 |
_a13307278 _c13307278 |
||
| 100 | _a20220215d1951 |||y0rusy50 ca | ||
| 101 | 0 | _aaze | |
| 102 | _aAZ | ||
| 105 | _ac z 000 y | ||
| 181 | 0 |
_ai _baxxe |
|
| 182 | 0 | _an | |
| 200 | 1 |
_aЧичәк _fРәсул Рза |
|
| 203 |
_aТекст _bвизуальный _cнепосредственный |
||
| 210 |
_aБакы _cАзәрнәшр _d1951 |
||
| 215 |
_a30, [1] с., 1 л. портр. _cпортр. _d18 |
||
| 541 | 1 |
_6z01790 _aЧичек _zrus |
|
| 700 | 1 |
_aРза _bР. _gРәсул _4070 |
|
| 790 | 1 |
_6z01541 _aРза _bР. _gРасул _4070 |
|
| 852 |
_aNLR _bОНЛ _jАзерб./2-5931 |
||
| 942 | _cBOOK | ||
| 980 | _aNB | ||